<The> Importance of Metacognitive Strategies for Building Competitive Business Competencies

Prípadová štúdia experimentálne overená v druhej fáze výskumu a jej vplyv na vývoj vyšších kognitívnych rozmerov. Relevantné výskumné nástroje boli prispôsobené každej vekovej skupine študentov so zameraním na príslušný vzdelávací obsah a dva neštandardizované odborné testy vo forme post-testu, kto...

Full description

Saved in:
Bibliographic Details
Main Author: Krpálek, Pavel
Other Authors: Krpálková Krelová, Katarína, Berková, Kateřina
Format: Book Chapter
Language:English
Subjects:
Tags: Add Tag
No Tags, Be the first to tag this record!

MARC

LEADER 00000naa a2200000 4500
001 0248540
005 20181026130550.2
041 0 |a eng 
044 |a CZ 
245 1 0 |a <The> Importance of Metacognitive Strategies for Building Competitive Business Competencies  |c Pavel Krpálek, Katarína Krpálková Krelová, Kateřina Berková 
520 |a Prípadová štúdia experimentálne overená v druhej fáze výskumu a jej vplyv na vývoj vyšších kognitívnych rozmerov. Relevantné výskumné nástroje boli prispôsobené každej vekovej skupine študentov so zameraním na príslušný vzdelávací obsah a dva neštandardizované odborné testy vo forme post-testu, ktorý bol jednotne navrhnutý aby experimentálna a kontrolná skupina určila rozsah účinkov na úrovni vývoja procesov myslenia nižších a vyšších rád, ktoré implementované metódy dokážu produkovať. 
610 2 0 |a financie podnikové 
610 2 0 |a podnikanie 
610 2 0 |a konkurencia 
610 2 0 |a štúdie prípadové 
610 2 0 |a vzdelávanie 
610 2 0 |a školy odborné 
610 2 0 |a ekonómia 
100 1 |a Krpálek, Pavel 
700 1 |a Krpálková Krelová, Katarína 
700 1 |a Berková, Kateřina